History Quiz

Random History or Letter Quiz

'A'merican History Quiz Stats

Quiz Updated Dec 6, 2014

Also try: Assassinations
Challenge
Share
Tweet
Embed
Score 0/20 Timer 07:00
7 Plays Today
Hint Answer % Correct
Who was George Washington's vice president and 2nd president of the United States?John Adams
97.6%
Which heavyweight boxing champion was also known for his opposition to the Vietnam War?Muhammad Ali
95.5%
What mission in San Antonio, Texas, was the site of a siege by Mexican forces in 1836?Alamo
88.8%
What was the movement to end slavery prior to and during the Civil War?Abolitionism
76.4%
What document, approved by the states in 1781, served as the United States' first constitution?Articles of Confederation
59.6%
Which civil rights leader and feminist played a vital role in the women's suffrage movement of the 19th century?Susan B. Anthony
59.4%
Which general defected to the British in 1780 during the Revolutionary War?Benedict Arnold
58.5%
Who was Richard Nixon's vice president who resigned in 1973?Spiro T. Agnew
58.5%
What mass-production process is closely identified with Henry Ford's automobile industry?Assembly line
57.9%
What was the bloodiest single-day battle in American history?Antietam
53.8%
Hint Answer % Correct
What term is commonly used by historians to refer to the years preceding the Civil War?Antebellum
52.8%
What organization, formed in 1920, guards the constitutional rights of Americans against government infringement?American Civil Liberties Union
49%
In which Virginia town did Robert E. Lee surrender to Ulysses Grant on April 9, 1865?Appomattox Court House
47.5%
What national organization of labor unions was founded in 1886?American Federation of Labor
38.7%
What acts, passed in 1798, suppressed freedom of speech and the liberty of foreign residents?Alien and Sedition Acts
31.5%
Which entrepreneur helped to settle families in Mexican Texas in the 1820s?Stephen F. Austin
30.3%
What movement opposed ratification of the Constitution?Antifederalism
24.4%
Which third party, founded in 1828, was formed around the opposition to Freemasonry?Anti-Masonic Party
13%
What were the United States armed forces that were sent to Europe during World War I?American Expeditionary Forces
10.7%
What statement of common principles and war aims did FDR and Winston Churchill develop in August 1941?Atlantic Charter
6.8%

You're not logged in!

Compare scores with friends on all Sporcle quizzes.
Join for Free
OR
Log In

You Might Also Like...

Show Comments

Extras

Top Quizzes Today


Score Distribution

Your Account Isn't Verified!

In order to create a playlist on Sporcle, you need to verify the email address you used during registration. Go to your Sporcle Settings to finish the process.

Report this User

Report this user for behavior that violates our Community Guidelines.

Details: